Statistiques concernant Jeux dans 42 Jeux indémodables

Cliquez ici pour prendre le quiz!

Statistiques générales

  • Ce quiz a été pris 21 fois
  • Le résultat moyen est 6 sur 42

Statistiques - réponses

Réponse% Correct
Rami
63%
Echecs
50%
Solitaire
50%
Dames
44%
Backgammon
25%
Bowling
25%
Fléchettes
25%
Pouilleux
25%
Président
25%
Bataille navale
19%
Billard
19%
Black jack
19%
Dominos
19%
Soda
19%
Bridge
13%
Cochon
13%
Crapette rapide
13%
Dames chinoises
13%
Equilibre
13%
Menteur
13%
Perce-mot
13%
Petits carrés
13%
Puissance cinq
13%
Conquête
6%
Dame de pique
6%
Dernière carte +
6%
Dernière carte
6%
Fan Tan
6%
Fuite
6%
Koi-Koi
6%
Ludo
6%
Mémoire
6%
Reversi
6%
7 Bridge
0%
Atout pique
0%
Bellicus
0%
Cinq cartes
0%
Hisami Shogi
0%
Mah-jong solitaire
0%
Napoléon
0%
Shogi
0%
Texas Hold'em
0%

Distribution des résultats

Percentile par nombre de réponses

% des personnes avec chaque résultat

Votre développement - résultats

Vous n’avez pas pris ce quiz